000 01118cam a22002774a 4500
001 3754
005 20250826140422.0
020 _a9780823419265
020 _a0545496578
040 _aDLC
_cDLC
_dDLC
_beng
050 0 0 _aGV994.G53
_b 2007
082 0 0 _a796.342
_222
100 1 _aDeans, Karen
245 1 0 _aPlaying to win :
_bthe story of Althea Gibson /
_cby Karen Deans ; illustrated by Elbrite Brown.
260 _aNew York :
_bScholastic ,
_c2007
300 _a32 unnumbered pages :
_bcolor illustrations ;
_c24 cm .
505 _aX
520 _aGrowing up in Harlem, Althea Gibson was heading down the wrong path until she found her calling. She went on to become the first African American women to be ranked as the number one woman tennis player in the world.
521 _a890
_bLexile
521 _aX
_bRaz-Plus
650 0 _aTennis players
_zUnited States
_vBiography
_vJuvenile literature.
650 0 _aAfrican American women tennis players
_vBiography
_vJuvenile literature.
700 1 _aBrown, Elbrite
906 _a7
_bcbc
_corignew
_d1
_eocip
_f20
_gy-gencatlg
942 _2ddc
_cBK
_n0
999 _c3754
_d3754